| 000 | 00700nam a22001575i 4500 | ||
|---|---|---|---|
| 001 | 160609 | ||
| 003 | ES-MaACL | ||
| 005 | 20230906212103.0 | ||
| 008 | 950206s1845 sp |||| | spa d | ||
| 040 |
_aGA _bspa _cCCPB | PA2 |
||
| 100 | 1 |
_aNeira de Mosquera, Antonio. _9130436 |
|
| 245 | 1 | 4 |
_aLas ferias de Madrid _b: almoneda moral, política y literaria / _csu autor D. Antonio Neira de Mosquera. |
| 260 |
_aMadrid : _b[s.n.], _c1845 ( _fEstab. literario-tipográfico de P. Madoz y L. Sagasti) |
||
| 300 |
_a188 p. ; _c19 cm. |
||
| 852 |
_aES-MaACL _zT-733-F-5 _z-- Enc. hol. _q-- Falto de la cub. original _z-- Enc. en un vol. facticio _x-- Edic.: añadir T651 Madrid-Usos y costumbres-Misceláneas |
||
| 999 |
_c160609 _d160609 |
||